00441nam a2200157Ia 450000500170000000800410001704000190005804100120007708200160008924500730010526000420017830000150022044000230023570000150025885000100027320230406111214.0131103s9999 xx 000 0 und d aLoreto College aEnglish a823.08bJON aWelsh short storiescselected and with an introduction by Gwyn Jones aLondonbOxford University Pressc1956 axv,330 p.  aThe World Classics aJones,Gwyn aLCLIB